000 00993nam a2200289Ia 4500
005 20220317000711.0
008 160601s1999 sp a g 000 0 spa
020 _a8427220618
082 0 4 _a576.8
_bG17e
100 1 _aGates, Phil
245 1 0 _aEvoluciona o muere
_cPhil Gates ; ilustraciones Tony De Saulles ; traducción Conchita Peraire del Molino
250 _a1a. edición
300 _a128 páginas
_bilustraciones
_c19 cm
490 _aEsa horrible ciencia
534 _tEvolve or die
650 1 4 _2LEMB
_aAdaptación (Biología)
650 1 4 _2LEMB
_aOrigen de la vida
650 1 4 _2LEMB
_aGenética
_xEnseñanza elemental
650 1 4 _2LEMB
_aEvolución
_xEnseñanza elemental
700 1 _aPeraire del Molino, Conchita
_etraductor
_952934
942 _2ddc
_cBK
264 _aBarcelona
_bMolino
_c1999
336 _atexto
_btxt
_2rdacontent
337 _asin mediación
_bn
_2rdamedia
338 _avolumen
_bnc
_2rdacarrier
040 _aCO-BoRNBP
_bspa
_erda
_cCO-BoRNBP
999 _c4814
_d4814